[Event "Niedersachsen-ch op-C"]
[Site "Verden"]
[Date "2016.01.03"]
[Round "2"]
[White "Stiffel, Klaus"]
[Black "Hindersmann, Silas"]
[Result "1-0"]
[WhiteElo "1619"]
[BlackElo "1234"]
[PlyCount "81"]
[EventDate "2016.01.03"]
[EventType "swiss"]
[EventRounds "7"]
[EventCountry "GER"]
[SourceTitle "EXT 2018"]
[Source "ChessBase"]
[SourceDate "2017.10.13"]
[SourceVersion "1"]
[SourceVersionDate "2017.10.13"]
[SourceQuality "1"]

1. d4 d5 2. Nf3 Nc6 3. g3 Bf5 4. c3 Nf6 5. Bg2 Qd7 6. 0-0 Bh3 7. Bg5 0-0-0 8. Re1 Bxg2 9. Kxg2 h6 10. Bxf6 exf6 11. Nbd2 g5 12. e4 Re8 13. Qa4 Bd6 14. exd5 Nb8 15. Qxd7+ Nxd7 16. Ne4 Be7 17. Re3 Rhg8 18. c4 f5 19. Nc3 f4 20. Re4 Bb4 21. Rae1 Rd8 22. Ne5 Nxe5 23. Rxe5 f6 24. Re6 Rgf8 25. a3 Bxc3 26. bxc3 fxg3 27. fxg3 h5 28. Rf1 f5 29. Re5 f4 30. Rxg5 fxg3 31. hxg3 Rh8 32. Kh3 Rde8 33. Re5 Rxe5 34. dxe5 Kd7 35. Rf7+ Kd8 36. e6 Re8 37. Kh4 c6 38. Rxb7 a6 39. Rb8+ Ke7 40. Rxe8+ Kxe8 41. Kxh5 1-0

[Event "Bad Woerishofen op 26th"]
[Site "Bad Woerishofen"]
[Date "2010.03.07"]
[Round "2"]
[White "Stiffel, Klaus"]
[Black "Makryniotis, Konstantinos"]
[Result "0-1"]
[WhiteElo "1464"]
[BlackElo "1912"]
[PlyCount "65"]
[EventDate "2010.03.06"]
[EventType "swiss"]
[EventRounds "9"]
[EventCountry "GER"]
[SourceTitle "CBM 135 Extra"]
[Source "ChessBase"]
[SourceDate "2010.05.04"]
[SourceVersion "1"]
[SourceVersionDate "2010.05.04"]
[SourceQuality "1"]

1. d4 Nf6 2. c4 g6 3. Nf3 Bg7 4. g3 0-0 5. Bg2 d6 6. Nc3 c6 7. a4 a5 8. 0-0 Na6 9. Bd2 Bg4 10. e4 Ne8 11. Qb1 Bxf3 12. Bxf3 Bxd4 13. Ne2 Bg7 14. Ra3 Qc7 15. b4 axb4 16. Bxb4 Nf6 17. Bg2 Nd7 18. Bc3 Ne5 19. Rb3 Nc5 20. Rb4 Rxa4 21. Rxa4 Nxa4 22. Qb3 Nc5 23. Qa2 Qb8 24. f4 Ned7 25. Bxg7 Kxg7 26. Bh3 Kg8 27. Bxd7 Nxd7 28. Nd4 Nc5 29. Rb1 Qa8 30. Qb2 Qa4 31. Qc2 Ra8 32. Qe2 Qa2 33. e5 0-1